Kétség és bizonyosság

Elmentve itt :
Bibliográfiai részletek
Szerző: GÁLFALVI Zsolt
Adatforrás:Meister
Forrásdokumentuma:A Hét. -
36 sz., 1997, 7 p.
Nyelv:magyar
Kulcsszavak:in memoriam
KOVÁCS János
LEADER 00342nab a2200133 i 4500
001 bibPRO00007205
008 060524s1997 xx hun
040 |a Sz1 
041 |a hun 
100 1 |a GÁLFALVI Zsolt 
245 1 0 |a Kétség és bizonyosság  |c GÁLFALVI Zsolt 
695 |a in memoriam 
695 |a KOVÁCS János 
773 0 |t A Hét. -  |g 36 sz., 1997, 7 p.